000 00370nam a22001571a 4500
020 _a9788189859862
082 _aH1
_bMAN/K
100 _aManglesh Dabral
245 _aKavi ne kaha/
_cby Manglesh Dabral
260 _aNew Delhi:
_bKithabghar,
_c2008.
300 _a150p.
650 _aPoetry Hindi
650 _aLiterature Hindi
650 _aLiterature
942 _cBK
999 _c23462
_d23462